[Event "FRA-ch op-A"]
[Site "Le Grand Bornand"]
[Date "2003.??.??"]
[Round "6.2"]
[White "Miqueu, Jean Philippe"]
[Black "Aranda, Guillaume"]
[Result "1/2-1/2"]
[WhiteElo "1760"]
[BlackElo "1690"]
[PlyCount "61"]
[EventDate "2003.??.??"]
[EventType "swiss"]
[EventRounds "9"]
[EventCountry "FRA"]
[SourceTitle "EXT 2004"]
[Source "ChessBase"]
[SourceDate "2003.11.25"]
[SourceVersion "1"]
[SourceVersionDate "2003.11.25"]
[SourceQuality "1"]

1. e4 e6 2. d4 d5 3. e5 c5 4. c3 Qb6 5. Nf3 Nc6 6. a3 Bd7 7. b4 cxd4 8. cxd4 Nge7 9. Nc3 Nf5 10. Na4 Qc7 11. Be3 Nxe3 12. fxe3 Be7 13. Rc1 Rc8 14. Bd3 0-0 15. 0-0 Qd8 16. Nc5 b6 17. Na4 Nb8 18. Qb3 Bc6 19. Nc3 Qd7 20. b5 Bb7 21. Rfd1 Rc7 22. Rc2 Rfc8 23. Rdc1 Bd8 24. a4 a5 25. Ne2 Be7 26. Rxc7 Rxc7 27. Rxc7 Qxc7 28. Qc2 Qxc2 29. Bxc2 Nd7 30. Kf2 Kf8 31. Nf4 1/2-1/2